Metroguessr - Metro Trains - Statistics

General Stats
  • This quiz has been taken 55 times
  • The average score is 10 of 16
Answer Stats
Picture Answer % Correct
London
100%
New york
94%
Paris
94%
Berlin
88%
Tokyo
84%
Madrid
78%
Moscow
71%
Hong kong
55%
Sydney
55%
Los angeles
53%
Stockholm
51%
Helsinki
47%
Prague
45%
Delhi
41%
Santiago
29%
Athens
27%
No matching quizzes found
Score Distribution
Percent of People with Each Score
Percentile by Number Answered
Your Score History
You have not taken this quiz